000 00406nam a22001697a 4500
005 20260407164256.0
008 160628b xxu||||| |||| 00| 0 eng d
020 _a81-229-0181-6
041 _aeng
082 _a813.54
100 _aMarilyn Greenwald
_98928
245 _aThe Big chill
260 _bsurjeet Publications
_c2005
300 _a227
650 _acontemporary literature
_98929
942 _cBK
999 _c4379
_d4378